000 00467nam a2200157Ia 4500
999 _c5467
_d5467
003 OSt
005 20200122132253.0
008 190216s9999||||xx |||||||||||||| ||und||
040 _coclc
082 _a658.408
_bCHE/B
100 _aCherunilam, Francis
_9546
245 0 _aBusiness And Society /
_cFrancis Cherunilam
260 _bHimalaya Publishing House,
_c1984.
_aBombay:
300 _a136p
942 _cBK
_2ddc
_h658.408
_iCHE/B
_k658.408
_mCHE/B